Normal view
MARC view
- MEALS. GOOD EATING. WEIGHT CONTROL. VEGETABLES. FRUITS. SALADS. MEATS. POULTRY. FISH. SOUPS. EGGS.MILK AND MILK PRODUCTS. CHEESE. CAKES. COOKIES. PASTRIES. BEVERAGES
Entry Topical Term
001 - CONTROL NUMBER
- control field: 62124
003 - CONTROL NUMBER IDENTIFIER
- control field: NUST
005 - DATE AND TIME OF LATEST TRANSACTION
- control field: 20210628202859.0
008 - FIXED-LENGTH DATA ELEMENTS
- fixed length control field: 210628|| aca||aabn | a|a d
040 ## - CATALOGING SOURCE
- Original cataloging agency: NUST
- Transcribing agency: NUST
150 ## - HEADING--TOPICAL TERM
- Topical term or geographic name entry element: MEALS. GOOD EATING. WEIGHT CONTROL. VEGETABLES. FRUITS. SALADS. MEATS. POULTRY. FISH. SOUPS. EGGS.MILK AND MILK PRODUCTS. CHEESE. CAKES. COOKIES. PASTRIES. BEVERAGES
670 ## - SOURCE DATA FOUND
- Source citation: Work cat.: (NUST): Duyff, Roberta L Hasler, Doris 62123, Modern meals, 1990
